| 000 | 00535nam a2200181 i 4500 | ||
|---|---|---|---|
| 001 | 21224 | ||
| 003 | ES-MaACL | ||
| 005 | 20250826111423.0 | ||
| 007 | t| | ||
| 008 | 021122s1961 sp ||||1| spa d | ||
| 100 | 1 |
_aAdam, Karl. _918364 |
|
| 245 | 1 | 0 |
_aCristo nuestro hermano / _cKarl Adam ; [versión española de Antonio Sancho]. |
| 260 |
_aBarcelona : _bHerder, _c1961. |
||
| 300 |
_a271 p. ; _c18 cm. |
||
| 700 | 1 |
_aSancho Nebot, Antonio, _d1884-1961 _9103048 |
|
| 852 |
_aES-MaACL _jC-20840 _bR.48564 |
||
| 999 |
_c21224 _d21224 |
||